Antología de obras teatrales
Saved in:
| Hovedforfatter: | |
|---|---|
| Format: | Bog |
| Sprog: | spansk |
| Udgivet: |
Santiago
RIL
2003
Santiago Consejo Nacional del Libro y la Lectura 2003 |
| Fag: | |
| Tags: |
Tilføj Tag
Ingen Tags, Vær først til at tagge denne postø!
|
MARC
| LEADER | 00000nam a2200000 a 4500 | ||
|---|---|---|---|
| 001 | UCL2965 | ||
| 003 | CL-VaPUC | ||
| 008 | 031107e20030000cl |||||||||||||||||spa|d | ||
| 020 | |a 9562843025 | ||
| 082 | 0 | 4 | |a Ch862 |b VOD |2 21 |
| 100 | 0 | |a Vodanovic, Sergio |e author |9 420804 | |
| 245 | 1 | 0 | |a Antología de obras teatrales |
| 300 | |a 443 p | ||
| 942 | |c BK | ||
| 945 | |d 20031107 00:00:00 |a cmena | ||
| 260 | |a Santiago |b RIL |c 2003 | ||
| 260 | |a Santiago |b Consejo Nacional del Libro y la Lectura |c 2003 | ||
| 650 | 0 | |a Dramas chilenos |9 313819 | |
| 650 | 0 | |a Teatro chileno |9 266701 | |
| 583 | |a last modification |c 20171211 02:35:02 |k Rodrigo Vera | ||
| 999 | |c 306124 |d 306122 | ||
| 952 | |0 0 |1 0 |4 0 |6 CH_862_000000000000000_VOD_2003_2003 |7 0 |8 A |9 370878 |a BIBEDU |b BIBEDU |d 2019-11-21 |i 3936511 |o Ch862 VOD 2003 2003 |p 3936511 |r 2019-11-21 |w 2019-11-21 |y BK |k LIT | ||
| 952 | |0 0 |1 0 |4 0 |6 CH_862_000000000000000_VOD_2003_2003 |7 0 |8 A |9 370879 |a BIBEDU |b BIBEDU |d 2019-11-21 |i 393652K |o Ch862 VOD 2003 2003 |p 393652K |r 2019-11-21 |w 2019-11-21 |y BK |k LIT | ||